书目信息 |
| 题名: |
HJ905型纵横制自动电话小交换机
|
|
| 作者: | ;纵横制小交换机编写组 编 | |
| 分册: | ||
| 出版信息: | 北京 人民邮电出版社 1978 |
|
| 页数: | 364页 | |
| 开本: | 19cm | |
| 丛书名: | ||
| 单 册: | ||
| 中图分类: | TN916.425 | |
| 科图分类: | ||
| 主题词: | 纵横制电话交换机,HJ905 , 电话 | |
| 电子资源: | ||
| ISBN: | ||
| 000 | 00729nam0 2200241 45 980 | |
| 001 | 0638919939 | |
| 005 | 20060728083713.50 | |
| 010 | @dCNY0.95 | |
| 091 | @a15045.总2174-市317 | |
| 100 | @a19971227d1978 em y0chiy0121 ea | |
| 101 | 0 | @achi |
| 102 | @aCN@b110000 | |
| 105 | @ay z 000yy | |
| 106 | @ar | |
| 200 | 10 | @aHJ905型纵横制自动电话小交换机@Ahj905 xing zong heng zhi zi dong dian huaxiao jiao huan ji@f纵横制小交换机编写组编 |
| 210 | @a北京@c人民邮电出版社@d1978 | |
| 215 | @a364页@d19cm | |
| 606 | @a纵横制电话交换机,HJ905 | |
| 606 | 0 | @a电话 |
| 690 | @aTN916.425@v3 | |
| 711 | 02 | @a纵横制小交换机编写组@Azong heng zhi xiao jiao huan ji bian xie zu@4编 |
| 801 | 0 | @c20060728 |
| 905 | @a10447@dTN916.425@e58 | |
| HJ905型纵横制自动电话小交换机/纵横制小交换机编写组编 .-北京:人民邮电出版社,1978 |
| 364页;19cm |
| ISBN :CNY0.95 |
| ● |
| 相关链接 |
|
|
|
|
正题名:HJ905型纵横制自动电话小交换机
索取号:TN916.425/58
 
预约/预借
| 序号 | 登录号 | 条形码 | 馆藏地/架位号 | 状态 | 备注 |
| 1 | 0438745 | 204387458 | 密集书库/ [索取号:TN916.425/58] | 在馆 | |
| 2 | 0438746 | 204387467 | 密集书库/ [索取号:TN916.425/58] | 在馆 |